Introduction to quantum Mechanics (Record no. 3283)
[ view plain ]
| 000 -LEADER | |
|---|---|
| fixed length control field | 00528nam a22002057a 4500 |
| 003 - CONTROL NUMBER IDENTIFIER | |
| control field | OSt |
| 005 - DATE AND TIME OF LATEST TRANSACTION | |
| control field | 20160316173453.0 |
| 008 - FIXED-LENGTH DATA ELEMENTS--GENERAL INFORMATION | |
| fixed length control field | 160316b xxu||||| |||| 00| 0 eng d |
| 020 ## - INTERNATIONAL STANDARD BOOK NUMBER | |
| International Standard Book Number | 0131911759 |
| 040 ## - CATALOGING SOURCE | |
| Transcribing agency | DDC |
| 082 ## - DEWEY DECIMAL CLASSIFICATION NUMBER | |
| Classification number | 530.12 GRI 2005 |
| 100 ## - MAIN ENTRY--PERSONAL NAME | |
| Personal name | Griffiths, David J. |
| 9 (RLIN) | 7369 |
| 245 ## - TITLE STATEMENT | |
| Title | Introduction to quantum Mechanics |
| 250 ## - EDITION STATEMENT | |
| Edition statement | 2nd ed. |
| 260 ## - PUBLICATION, DISTRIBUTION, ETC. (IMPRINT) | |
| Place of publication, distribution, etc. | New Jersay; Pearson, 2005 |
| 300 ## - PHYSICAL DESCRIPTION | |
| Extent | ix,468p; ill: 23.5cm |
| 504 ## - BIBLIOGRAPHY, ETC. NOTE | |
| Bibliography, etc | Appendix, & Index included |
| 650 ## - SUBJECT ADDED ENTRY--TOPICAL TERM | |
| Topical term or geographic name as entry element | Mechanics |
| 9 (RLIN) | 819 |
| 942 ## - ADDED ENTRY ELEMENTS (KOHA) | |
| Source of classification or shelving scheme | Dewey Decimal Classification |
| Koha item type | Open Shelf |
| Withdrawn status | Lost status | Source of classification or shelving scheme | Damaged status | Not for loan | Home library | Current library | Date acquired | Source of acquisition | Inventory number | Total Checkouts | Full call number | Barcode | Date last seen | Koha item type |
|---|---|---|---|---|---|---|---|---|---|---|---|---|---|---|
| Dewey Decimal Classification | MUST Main Library | MUST Main Library | 16/03/2016 | 12/35730 | 530.12 GRI 2005 | 2016-0479 | 16/03/2016 | Open Shelf | ||||||
| Dewey Decimal Classification | MUST Main Library | MUST Main Library | 18/04/2016 | Purchase | 01/16004 | 530.12 GRI 2005 | 2016-0967 | 18/04/2016 | Open Shelf | |||||
| Dewey Decimal Classification | MUST Main Library | MUST Main Library | 27/04/2016 | Purchase | 01/16005 | 530.12 GRI 2005 | 2016-1447 | 27/04/2016 | Short Loan | |||||
| Dewey Decimal Classification | MUST Main Library | MUST Main Library | 28/01/2020 | Purchase | 12/35728 | 530.12 GRI 2005 | 2020-0172 | 28/01/2020 | Open Shelf |
